000 00963nam a22003017a 4500
003 CHAP
005 20220329140215.0
008 971013s1971 r 00010 d
010 _a48564
011 _a49536
035 _a53685
040 _cCHAP
090 _aFolleto 3240
100 0 0 _aRinaldi, Adrian J. M.
_997440
245 _aEstudio analítico de mieles tucumanas
260 _aTucumán :
_bUniversidad Nacional de Tucumán. Facultad de Agronomía y Zootecnia,
_c1971
300 _a20 p.
_b; gráfs.
590 _aBATCH-UPD
_b10
_c20130110
_lUCH01
_h2228
590 _aBATCH-UPD
_b10
_c20130410
_lUCH01
_h1524
590 _aBATCH-UPD
_b10
_c20130914
_lUCH01
_h1818
590 _aCONVERSION
_b10
_c20130109
_lUCH01
_h1326
650 1 4 _aMiel de abejas
_xAnálisis.
_975563
700 0 _aPailhe, Luis Alberto.
_984746
700 0 _aPopolizio, Eduardo R.
_990896
901 _aBK
942 _cFOLL
949 _aFolleto 3240
_bBC
_cFOLL
_d-118893
_eTS1
_i53685
_si
999 _c48564
_d48564